000 01148nas a2200373 4500
001 BR0603684
003 BR-BrBNA
005 20231205110246.0
007 ta
008 230509b bl.|||p| |||| 00| 00por d
040 _aBR-BrBNA
_bpor
_cBiblioteca Nacional de Agricultura
041 _a(Pt)
072 _aL02; L01
100 1 _aRuas, J.R.M.
100 1 _aBrandão, F.Z.
100 1 _aSilva Filho, J.M. da
100 1 _aBorges, A.M.
100 1 _aCarvalho, B.C. de
100 1 _aMenezes, A. de C.
100 1 _aAmaral, R.
100 1 _aMarcatti Neto, A.
245 1 _aInfluência da freqüência de ordenhas diárias sobre a eficiência produtiva de vacas mestiças Holandês-Zebu e o desempenho dos seus bezerros
650 _aGADO HOLANDÊS
650 _aGADO ZEBU
650 _aBEZERRO
650 _aORDENHA
650 _aPRODUÇÃO LEITEIRA
650 _aGANHO DE PESO
650 _aCRUZAMENTO ANIMAL
650 _aMAMITE
773 0 _tRevista Brasileira de Zootecnia (Brazil)
_xISSN 1516-3598
_g(Mar-Apr 2006), v. 35(2) p. 428-434
_wBR0603684
909 _a202311
_bLúcia
_c55
_dLúcia Elande
942 _2AGRIS
_n0
_cANA
999 _c186717
_d186717